| 000 | 01202cam a2200361 a 4500 | ||
|---|---|---|---|
| 001 | 442532 | ||
| 003 | OSt | ||
| 005 | 20260619153715.0 | ||
| 008 | 820202s1982 miu b 001 0 eng | ||
| 010 | _a 82001498 | ||
| 020 | _a0802823882 | ||
| 020 | _a9780802823885 | ||
| 035 | _a442532 | ||
| 040 |
_aDLC _cDLC _dDLC |
||
| 050 | 0 | 0 |
_aBS2785.3 _b.D38 1982 |
| 082 | 0 | 0 |
_a227/.91077 _219 |
| 100 | 1 | _aDavids, Peter H. | |
| 245 | 1 | 4 |
_aThe Epistle of James : _ba commentary on the Greek text / _cby Peter H. Davids. |
| 260 |
_aGrand Rapids, Mich. : _bEerdmans, _cc1982. |
||
| 300 |
_axxxviii, 226 p. ; _c24 cm. |
||
| 336 |
_atext _btxt _2rdacontent |
||
| 337 |
_aunmediated _bn _2rdamedia |
||
| 338 |
_avolume _bnc _2rdacarrier |
||
| 490 | 1 | _aThe New international Greek Testament commentary | |
| 500 | _aIncludes indexes. | ||
| 504 | _aBibliography: p. xiii-xxxviii. | ||
| 583 |
_aCataloguing: _c20260619 _kgtanuigtanui |
||
| 630 | 0 | 0 |
_aBible. _pJames _xCommentaries. |
| 830 | 0 | _aNew international Greek Testament commentary (Grand Rapids, Mich.) | |
| 906 |
_a7 _bcbc _corignew _d1 _eocip _f19 _gy-gencatlg |
||
| 942 |
_2lcc _cBK |
||
| 999 |
_c21730 _d21729 |
||